| 000 | 00404nam a22001457a 4500 | ||
|---|---|---|---|
| 999 |
_c3267 _d3267 |
||
| 008 | 200324b ||||| |||| 00| 0 eng d | ||
| 082 | 0 | 0 |
_a621.3 _bS5316 |
| 100 |
_92776 _aSharotri, S. K. |
||
| 245 | 1 | 0 |
_aPreventive maintenance of electrical apparature _cby S. K. Sharotri |
| 250 | _a2nd ed. | ||
| 260 |
_aLudhiana _bKatson _c1980 |
||
| 300 | _axv, 360 p. | ||
| 650 | 0 | _aElectrical Engineering | |
| 942 | _cBK | ||